01139nam a2200301 a 450000100060000000300080000600500170001400800410003103500190007203500190009104000250011004100130013508200240014810000440017224502090021624600130042526000450043830000210048349000480050450000450055250400200059765000520061765000330066965000350070270000320073770000190076983000490078831129BD-RjUL20211209051649.0140413s1951 enk 001 0 eng d a(BD-RjUL)31216 a(OCoLC)3055191 aLCbengcLCdBD-RjUL1 aenghfre04219a233.7bLET 19511 aLeibniz, Gottfried Wilhelm,d1646-1716.10aTheodicy :bessays on the goodness of God, the freedom of man, and the origin of evil /cFreiherr Gottfried Wilhelm von Leibniz ; edited with an introduction by Austin Farrer ; translated by E.M. Huggard.38aTheodicy aLondon :bRoutledge & Kegan Paul,c1951. a448 p. ;c23 cm.1 aRare masterpieces of philosophy and science aTranslation of: Essais de théodicée. aIncludes index. 0aFree will and determinismvEarly works to 1800. 0aTheismvEarly works to 1800. 0aTheodicyvEarly works to 1800.1 aFarrer, Austin,d1904-1968.1 aHuggard, E. M. 0aRare masterpieces of philosophy and science.